| 000 -LEADER |
| fixed length control field |
04274cam a22004574a 4500 |
| 001 - CONTROL NUMBER |
| control field |
16139078 |
| 005 - DATE AND TIME OF LATEST TRANSACTION |
| control field |
20210402144614.0 |
| 008 - FIXED-LENGTH DATA ELEMENTS--GENERAL INFORMATION |
| fixed length control field |
100316s2010 enkab b 001 0 eng |
| 010 ## - LIBRARY OF CONGRESS CONTROL NUMBER |
| LC control number |
2010010920 |
| 015 ## - NATIONAL BIBLIOGRAPHY NUMBER |
| National bibliography number |
GBA994089 |
| Source |
bnb |
| 016 7# - NATIONAL BIBLIOGRAPHIC AGENCY CONTROL NUMBER |
| Record control number |
015380179 |
| Source |
Uk |
| 020 ## - INTERNATIONAL STANDARD BOOK NUMBER |
| International Standard Book Number |
9780199544820 (pbk.) |
| 020 ## - INTERNATIONAL STANDARD BOOK NUMBER |
| International Standard Book Number |
0199544824 (pbk.) |
| 035 ## - SYSTEM CONTROL NUMBER |
| System control number |
(OCoLC)ocn560559548 |
| 040 ## - CATALOGING SOURCE |
| Original cataloging agency |
DLC |
| Transcribing agency |
DLC |
| Modifying agency |
YDX |
| -- |
YDXCP |
| -- |
UKM |
| -- |
BWKUK |
| -- |
BWK |
| -- |
BWX |
| -- |
CDX |
| -- |
DLC |
| 042 ## - AUTHENTICATION CODE |
| Authentication code |
pcc |
| 043 ## - GEOGRAPHIC AREA CODE |
| Geographic area code |
e------ |
| 050 00 - LIBRARY OF CONGRESS CALL NUMBER |
| Classification number |
JN30 |
| Item number |
.P63 2010 |
| 080 ## - UNIVERSAL DECIMAL CLASSIFICATION NUMBER |
| Universal Decimal Classification number |
341.1 P-80 |
| 082 00 - DEWEY DECIMAL CLASSIFICATION NUMBER |
| Classification number |
320.6094 |
| Edition number |
22 |
| 245 00 - TITLE STATEMENT |
| Title |
Policy-making in the European Union / |
| Statement of responsibility, etc. |
edited by Helen Wallace, Mark A. Pollack, and Alasdair R. Young. |
| 250 ## - EDITION STATEMENT |
| Edition statement |
6th ed. |
| 260 ## - PUBLICATION, DISTRIBUTION, ETC. |
| Place of publication, distribution, etc. |
Oxford ; |
| -- |
New York : |
| Name of publisher, distributor, etc. |
Oxford University Press, |
| Date of publication, distribution, etc. |
2010. |
| 300 ## - PHYSICAL DESCRIPTION |
| Extent |
xlii, 597 p. : |
| Other physical details |
ill., map ; |
| Dimensions |
25 cm. |
| 490 1# - SERIES STATEMENT |
| Series statement |
The new European Union series |
| 504 ## - BIBLIOGRAPHY, ETC. NOTE |
| Bibliography, etc. note |
Includes bibliographical references and index. |
| 505 8# - FORMATTED CONTENTS NOTE |
| Formatted contents note |
Machine generated contents note: -- Part One: Institutions, Process and Analytical Approaches -- 1. Overview, Mark A. Pollack, Helen Wallace, and Alasdair R.Young -- 2. Theorizing EU Policy-Making, Mark A. Pollack -- 3. The European Policy Process in Comparative Perspective, Alasdair R. Young -- 4. An Institutional Anatomy and Five Policy Modes, Helen Wallace -- Part Two: Policies -- 5. The Single Market, Alasdair R.Young -- 6. Competition Policy, Stephen Wilks -- 7. Economic and Monetary Union, Dermot Hodson -- 8. The Common Agricultural Policy, Christilla Roederer-Rynnning -- 9. The Budget, Brigid Laffan and Johannes Linder -- 10. The Structural Funds and Cohesion Policy, David Allen -- 11. Social Policy, Stephan Leibfried -- 12. Employment Policy, Martin Rhodes -- 13. Environmental Policy, Andrea Lenshow -- 14. Biotechnology Policy, Mark A. Pollack and Gregory C. Shaffer -- 15. Energy Policy, David Buchan -- 16. Trade Policy, Stephen Woolcock -- 17. Enlargement, Ulrich Sedelmeier -- 18. Foreign and Security Policy, Bastian Giegerich and William Wallace -- 19. Justice and Home Affairs, Sandra Lavenex -- Part Three: Conclusions -- 20. EU Policy-Making in Challenging Times: Adversity, Adaptability, and Resilience, Mark A. Pollack, Helen Wallace, and Alasdair R. Young. |
| 520 ## - SUMMARY, ETC. |
| Summary, etc. |
"The policies of the European Union profoundly affect the lives of people in Europe and around the world. The new edition of this highly successful textbook outlines how and why such decisions are made, as well as the key challenges faced by policy-makers in the current political and economic climate. Policy-Making in the European Union begins by clarifying the institutional framework of the EU and the analytical approaches used to understand it. A wide range of crucial and illustrative policies are then explored in detail by subject experts. This volume includes new chapters on ways of analyzing the EU's policy process and on energy policy. A central theme to the volume is how the recent expansion to twenty-seven member states has affected policy-making across the different policy sectors. The conclusion reflects on how this challenge and the protracted constitutional stalemate have affected policy-making in the EU. It also explores the impact of the financial and economic crises that have struck Europe over the past several years. The sixth edition is fully up-to-date, and is the ideal text for all those with an interest in the policy-making of the European Union"--Provided by publisher. |
| 610 20 - SUBJECT ADDED ENTRY--CORPORATE NAME |
| Corporate name or jurisdiction name as entry element |
European Union. |
| 9 (RLIN) |
11022 |
| 650 #0 - SUBJECT ADDED ENTRY--TOPICAL TERM |
| Topical term or geographic name entry element |
Political planning |
| Geographic subdivision |
European Union countries. |
| 9 (RLIN) |
10499 |
| 653 ## - INDEX TERM--UNCONTROLLED |
| keyword |
Policy-Making in the European Union |
| 653 ## - INDEX TERM--UNCONTROLLED |
| keyword |
ევროკავშირში პოლიტიკის შემუშავება |
| 653 ## - INDEX TERM--UNCONTROLLED |
| keyword |
Разработка политики в Европейском Союзе |
| 700 1# - ADDED ENTRY--PERSONAL NAME |
| Personal name |
Wallace, Helen |
| Fuller form of name |
(Helen S.) |
| 9 (RLIN) |
11023 |
| 700 1# - ADDED ENTRY--PERSONAL NAME |
| Personal name |
Pollack, Mark A., |
| Dates associated with a name |
1966- |
| 9 (RLIN) |
11024 |
| 700 1# - ADDED ENTRY--PERSONAL NAME |
| Personal name |
Young, Alasdair R. |
| 9 (RLIN) |
10876 |
| 830 #0 - SERIES ADDED ENTRY--UNIFORM TITLE |
| Uniform title |
New European Union series. |
| 9 (RLIN) |
10434 |
| 906 ## - LOCAL DATA ELEMENT F, LDF (RLIN) |
| a |
7 |
| b |
cbc |
| c |
orignew |
| d |
1 |
| e |
ecip |
| f |
20 |
| g |
y-gencatlg |
| 942 ## - ADDED ENTRY ELEMENTS (KOHA) |
| Source of classification or shelving scheme |
|
| Koha item type |
წიგნი |